Thương mại điện tử với VB, SQL 7.0, ASP, MTS; T2

সংরক্ষণ করুন:
গ্রন্থ-পঞ্জীর বিবরন
বিন্যাস: গ্রন্থ
ভাষা:Undetermined
প্রকাশিত: H. Thống Kê 2002
বিষয়গুলি:
ট্যাগগুলো: ট্যাগ যুক্ত করুন
কোনো ট্যাগ নেই, প্রথমজন হিসাবে ট্যাগ করুন!
Thư viện lưu trữ: Trung tâm Học liệu Trường Đại học Cần Thơ
LEADER 00447nam a2200157Ia 4500
001 CTU_55204
008 210402s9999 xx 000 0 und d
020 |b 45000 
082 |a 005.7565 
082 |b Th561/T2 
245 0 |a Thương mại điện tử với VB, SQL 7.0, ASP, MTS; T2 
260 |a H. 
260 |b Thống Kê 
260 |c 2002 
650 |a electronic commerce 
980 |a Trung tâm Học liệu Trường Đại học Cần Thơ